[Event "Heraklion Gazi op 9th"]
[Site "Heraklion"]
[Date "2013.08.01"]
[Round "7"]
[White "Panagiotakos, Nikolaos"]
[Black "Klokas, Konstantinos"]
[Result "0-1"]
[WhiteElo "2191"]
[BlackElo "2132"]
[PlyCount "70"]
[EventDate "2013.07.27"]
[EventType "swiss"]
[EventRounds "9"]
[EventCountry "GRE"]
[SourceTitle "CBM 155 Extra"]
[Source "ChessBase"]
[SourceDate "2013.08.26"]
[SourceVersion "1"]
[SourceVersionDate "2013.08.26"]
[SourceQuality "1"]

1. e4 e5 2. Nf3 Nc6 3. d4 exd4 4. Nxd4 Nf6 5. Nxc6 bxc6 6. e5 Qe7 7. Qe2 Nd5 8. c4 Nb6 9. Nc3 Qe6 10. Qe4 g6 11. Bd3 Bg7 12. f4 0-0 13. 0-0 Ba6 14. b3 d5 15. cxd5 cxd5 16. Qe2 Bxd3 17. Qxd3 c5 18. Ba3 Rac8 19. Rac1 f6 20. exf6 Qxf6 21. Kh1 Rfd8 22. Qb5 a6 23. Qa5 Qc6 24. Nd1 c4 25. Bb2 Bxb2 26. Nxb2 c3 27. Nd3 Qb5 28. Qxb5 axb5 29. Rfd1 d4 30. Nb4 Nd5 31. Nc2 Nxf4 32. Rxd4 Ne2 33. Rxd8+ Rxd8 34. Re1 Rd2 35. Ne3 c2 0-1